| 000 | 00639 a2200193 4500 | ||
|---|---|---|---|
| 999 |
_c8548 _d8548 |
||
| 020 | _a0393961400 (v. 1) | ||
| 020 | _a0393961427 (v. 2) | ||
| 050 | 0 | 0 | _aPN6014 MAC 1992 |
| 100 |
_aMack, Maynard _eeditor |
||
| 245 | 0 | 4 |
_aThe Norton anthology of world masterpieces / _cMaynard Mack, general editor. |
| 250 | _a6th ed. | ||
| 264 |
_aNew York: _bW. Norton company., _c1992 |
||
| 300 | _a2 v. ;2199n pages | ||
| 500 | _aIncludes index. | ||
| 650 | 0 |
_aLiterature _xCollections. |
|
| 700 | 1 |
_aMack, Maynard, _d1909-2001. |
|
| 942 |
_2lcc _cBK _h6014 _iNOR _kPN |
||